000 00330 a2200157 4500
001 155427
040 _cEscola São Tomás de Aquino
100 _aBRAGANÇA, Agiolina
240 1 0 _aBem-te-li
_lpor
245 1 0 _aBem-te-li
300 _a239
362 0 _a1999
440 1 _aFTD
697 _aLíngua portuguesa
942 _cBK
999 _c155427
_d155427